| 000 | 01183namaa2200301 i 4500 | ||
|---|---|---|---|
| 003 | EG-GICUC | ||
| 005 | 20260122111752.0 | ||
| 008 | 260112s1984 ku ||||jr|||| 000 0 ara d | ||
| 040 |
_aEG-GiCUC _bara _cEG-GiCUC _dEG-GiCUC _erda |
||
| 082 | 0 | 4 |
_221 _a411.52 _bL356 |
| 092 | 0 | 4 |
_221 _a411.52 _bL356 |
| 099 | _a411.52 L356 | ||
| 100 | 1 |
_aعبد اللطيف، محمد حماسة _eمؤلف. |
|
| 245 | 1 | 2 |
_aالعلامة الاعرابية فى الجملة بين القديم والحديث / _cتأليف الدكتور محمد حماسة عبد اللطيف |
| 250 | _aالطبعة الاولى | ||
| 264 |
_aالكويت : _bمكتبة ام القرى، _c1984 |
||
| 300 |
_a؛ 550 صفحة _c24 سم |
||
| 336 |
_2rdacontent _atext |
||
| 337 |
_2rdamedia _aUnmediated |
||
| 338 |
_2rdacarrier _avolume |
||
| 504 | _aيشتمل على ارجاعات ببليوجرافية | ||
| 541 |
_aد. / جابر عصفور ؛ _bالقاهرة ؛ _cإهداء ؛ _d2024. |
||
| 650 | 1 | 7 |
_aاللغة العربية _xالنطق _2qrmak |
| 650 | 1 | 7 |
_aاللغة العربية _xقواعد الاملاء والهجاء |
| 651 | 1 | _2qrmak | |
| 905 | _aAmira | ||
| 942 |
_2ddc _cBK _e21 _n0 |
||
| 999 |
_c177609 _d177609 |
||